[Event "ICS rated blitz match"]
[Site "204.178.125.65"]
[Date "2000.03.13"]
[Round "?"]
[White "Kobra"]
[Black "Hossa"]
[Result "1-0"]
[WhiteElo "2342"]
[BlackElo "2502"]
[PlyCount "143"]

1. e4 e5 2. Nf3 Nc6 3. Bb5 a6 4. Bxc6 dxc6 5. O-O Bg4 6. h3 h5 7. d3 Qf6 8.
Nbd2 Ne7 9. hxg4 hxg4 10. g3 gxf3 11. Qxf3 Qe6 12. Qg2 O-O-O 13. Nc4 b5 14. Ne3
Qh6 15. a4 Qh5 16. axb5 cxb5 17. Rxa6 Kd7 18. Rd1 Nc6 19. f3 Bc5 20. c3 Bxe3+
21. Bxe3 f6 22. d4 g6 23. dxe5+ Ke8 24. Rxd8+ Nxd8 25. exf6 Kf7 26. Ra7 Ne6 27.
Bd4 Qh6 28. f4 Qh5 29. Ra1 g5 30. f5 Nd8 31. e5 Kg8 32. e6 Kh7 33. f7 Nxf7 34.
exf7 Rf8 35. Qh2 Qxh2+ 36. Kxh2 Rxf7 37. g4 Rf8 38. f6 Kg8 39. Kg3 c5 40. Bxc5
Rxf6 41. Ra8+ Kf7 42. Ra7+ Kg6 43. Bd4 Re6 44. Rb7 Re1 45. Rxb5 Re2 46. Kf3 Rh2
47. Rb6+ Kf7 48. b4 Ke8 49. Rb7 Rh1 50. b5 Re1 51. Kf2 Re4 52. Be3 Rxg4 53. b6
Rc4 54. Rc7 Ra4 55. b7 Ra2+ 56. Kf3 g4+ 57. Kxg4 Rb2 58. Rc8+ Kf7 59. b8=Q Rxb8
60. Rxb8 Ke6 61. c4 Ke7 62. c5 Ke6 63. Rb1 Ke5 64. Rc1 Ke6 65. c6 Ke5 66. c7
Ke4 67. c8=Q Ke5 68. Qf5+ Kd6 69. Rd1+ Kc7 70. Qc5+ Kb7 71. Rb1+ Ka6 72. Qa3#
1-0

[Event "ICS rated blitz match"]
[Site "204.178.125.65"]
[Date "2000.03.13"]
[Round "?"]
[White "Hossa"]
[Black "Kobra"]
[Result "1-0"]
[WhiteElo "2479"]
[BlackElo "2365"]
[PlyCount "25"]

1. e4 c5 2. Nf3 Nc6 3. d4 cxd4 4. Nxd4 g6 5. c4 Bg7 6. Be3 Nf6 7. Nc3 O-O 8.
Be2 b6 9. Nxc6 dxc6 10. O-O Qxd1 11. Rfxd1 Bg4 12. e5 Bxe2 13. exf6 1-0

[Event "ICS rated blitz match"]
[Site "204.178.125.65"]
[Date "2000.03.13"]
[Round "?"]
[White "Kobra"]
[Black "Hossa"]
[Result "0-1"]
[WhiteElo "2354"]
[BlackElo "2490"]
[PlyCount "92"]

1. e4 e5 2. Nf3 Nc6 3. Bb5 a6 4. Bxc6 dxc6 5. O-O Bg4 6. h3 h5 7. d3 Qf6 8.
Nbd2 Ne7 9. hxg4 hxg4 10. g3 gxf3 11. Qxf3 Qe6 12. Qg2 O-O-O 13. Nc4 b5 14. Ne3
Qh6 15. a4 Qh5 16. axb5 cxb5 17. Rxa6 Kd7 18. Rd1 Nc6 19. f3 Bc5 20. c3 Bxe3+
21. Bxe3 f6 22. d4 g6 23. dxe5+ Ke8 24. Rxd8+ Nxd8 25. exf6 b4 26. cxb4 Kf7 27.
Ra5 Qh7 28. Rc5 Ne6 29. Rc1 Kxf6 30. f4 Qh5 31. e5+ Kf7 32. Rf1 Rh7 33. g4 Qh6
34. Bd2 Qh4 35. f5 gxf5 36. Rxf5+ Ke7 37. Rf2 Nd4 38. Be3 Nb3 39. g5 Rh8 40. g6
Ke8 41. g7 Rg8 42. Qg6+ Kd7 43. Rf7+ Qe7 44. Rxe7+ Kxe7 45. Qf6+ Kd7 46. Qe6+
Kxe6 0-1

[Event "ICS rated blitz match"]
[Site "204.178.125.65"]
[Date "2000.03.13"]
[Round "?"]
[White "Hossa"]
[Black "Kobra"]
[Result "0-1"]
[WhiteElo "2500"]
[BlackElo "2344"]
[PlyCount "134"]

1. e4 c5 2. Nf3 Nc6 3. d4 cxd4 4. Nxd4 g6 5. Nc3 Bg7 6. Be3 Nf6 7. Bc4 O-O 8.
Bb3 a5 9. f3 d5 10. Bxd5 Nxd4 11. Bxd4 a4 12. a3 Qa5 13. O-O Rd8 14. Qd2 e6 15.
Qe3 Ra6 16. Bxf6 Bxf6 17. e5 Be7 18. Kh1 exd5 19. Rfd1 Be6 20. g3 Qc7 21. Rd2
Bf8 22. Rad1 Qc6 23. Ne4 dxe4 24. Rxd8 exf3 25. Qf2 Kg7 26. R1d3 Be7 27. Rb8
Bc5 28. Qxf3 Qxf3+ 29. Rxf3 Bd5 30. Kg2 Rb6 31. Rc8 Bd4 32. g4 Bxe5 33. g5 Rxb2
34. Kf2 Bxf3 35. Kxf3 Bxh2 36. Ra8 b5 37. c4 bxc4 38. Rxa4 c3 39. Rc4 c2 40.
Ke3 Rb3+ 41. Ke4 Rxa3 42. Rxc2 Bd6 43. Rd2 Be7 44. Rd5 Bxg5 45. Rxg5 h5 46. Rc5
h4 47. Kd5 h3 48. Rc1 h2 49. Rh1 Ra2 50. Kc4 g5 51. Kb3 Rf2 52. Kc4 Kg6 53. Kd5
f5 54. Kc4 g4 55. Kd4 Kg5 56. Rc1 g3 57. Ke5 Re2+ 58. Kd6 g2 59. Rc7 g1=Q 60.
Rg7+ Kf4 61. Rh7 Qd4+ 62. Kc6 Rc2+ 63. Kb5 Qb2+ 64. Ka6 Qa3+ 65. Kb7 Qb4+ 66.
Ka8 Ra2+ 67. Ra7 h1=B# 0-1

[Event "ICS rated blitz match"]
[Site "204.178.125.65"]
[Date "2000.03.13"]
[Round "?"]
[White "Kobra"]
[Black "Hossa"]
[Result "1/2-1/2"]
[WhiteElo "2367"]
[BlackElo "2477"]
[PlyCount "104"]
[EventDate "2000.??.??"]

1. e4 e5 2. Nf3 Nc6 3. Bb5 a6 4. Bxc6 dxc6 5. O-O Bg4 6. h3 h5 7. d3 Qf6 8.
Nbd2 Ne7 9. hxg4 hxg4 10. g3 gxf3 11. Qxf3 Qe6 12. Qg2 O-O-O 13. Nc4 b5 14. Ne3
Qh6 15. a4 Qh5 16. axb5 cxb5 17. Rxa6 Kd7 18. Rd1 Nc6 19. f3 Bc5 20. c3 Bxe3+
21. Bxe3 f6 22. d4 g6 23. dxe5+ Ke8 24. Rxd8+ Nxd8 25. exf6 b4 26. cxb4 Kf7 27.
Ra1 Ne6 28. Rf1 Kxf6 29. f4 Kf7 30. f5 Ng5 31. Bxg5 Qxg5 32. Qf2 Ke8 33. fxg6
Qxg6 34. Qf4 Qh5 35. Qh4 Qxh4 36. gxh4 Rxh4 37. Re1 Rh3 38. Kf2 Rh2+ 39. Kf3
Rxb2 40. Kf4 c5 41. Ke5 Rxb4 42. Kd5 Rd4+ 43. Kxc5 Rd3 44. Kc4 Rf3 45. e5 Rf4+
46. Kd5 Rg4 47. Re4 Rxe4 48. Kxe4 Ke7 49. Kd5 Kd7 50. e6+ Ke7 51. Ke5 Ke8 52.
Kd6 Kd8 1/2-1/2

[Event "ICS rated blitz match"]
[Site "204.178.125.65"]
[Date "2000.03.13"]
[Round "?"]
[White "Hossa"]
[Black "Kobra"]
[Result "0-1"]
[WhiteElo "2476"]
[BlackElo "2372"]
[PlyCount "128"]
[EventDate "2000.??.??"]

1. e4 c5 2. Nf3 Nc6 3. d4 cxd4 4. Nxd4 g6 5. Nc3 Bg7 6. Be3 Nf6 7. Bc4 O-O 8.
Bb3 a5 9. f3 d5 10. Bxd5 Nxd4 11. Bxd4 a4 12. a3 Qa5 13. O-O Rd8 14. Qd2 e6 15.
Qe3 Ra6 16. Bxf6 Bxf6 17. e5 Be7 18. Kh1 exd5 19. Rfd1 Be6 20. g3 Qc7 21. Rd2
Bf8 22. Rad1 Qc6 23. Ne4 dxe4 24. Rxd8 exf3 25. Qf2 Kg7 26. R1d3 Be7 27. Rb8
Bc5 28. Qxf3 Qxf3+ 29. Rxf3 Bd5 30. Kg2 Rb6 31. Rc8 Bd4 32. g4 Bxe5 33. g5
Bxf3+ 34. Kxf3 Rxb2 35. h4 Ra2 36. Ke4 Bg3 37. Rc3 Bxh4 38. Kf4 Be1 39. Rc7
Rxa3 40. Rxb7 Rc3 41. Rd7 Rxc2 42. Ke3 a3 43. Ra7 a2 44. Kd3 Bc3 45. Kxc2 a1=Q
46. Rxa1 Bxa1 47. Kd3 Bf6 48. Ke3 Bxg5+ 49. Kf3 h5 50. Ke2 h4 51. Kd3 Bf4 52.
Kc4 h3 53. Kb3 h2 54. Kb4 h1=Q 55. Kc4 Qd1 56. Kc5 Qd3 57. Kc6 Qd6+ 58. Kb5 Qc7
59. Kb4 Qc6 60. Kb3 Qc5 61. Kb2 Qc4 62. Ka1 Qb5 63. Ka2 Bc1 64. Ka1 Qb2# 0-1

[Event "ICS rated blitz match"]
[Site "204.178.125.65"]
[Date "2000.03.13"]
[Round "?"]
[White "Kobra"]
[Black "Hossa"]
[Result "1-0"]
[WhiteElo "2393"]
[BlackElo "2455"]
[PlyCount "149"]
[EventDate "2000.??.??"]

1. e4 e5 2. Nf3 Nc6 3. Bb5 a6 4. Bxc6 dxc6 5. O-O Bg4 6. h3 h5 7. d3 Qf6 8.
Nbd2 Ne7 9. hxg4 hxg4 10. g3 gxf3 11. Qxf3 Qe6 12. Qg2 O-O-O 13. Nc4 b5 14. Ne3
Qh6 15. a4 Qh5 16. axb5 cxb5 17. Rxa6 Kd7 18. Rd1 Nc6 19. c3 Bc5 20. f3 Nb8 21.
Ra5 Kc6 22. b4 Bb6 23. Ra1 Bxe3+ 24. Bxe3 Kd7 25. d4 Ke8 26. dxe5 Rxd1+ 27.
Rxd1 Qxe5 28. Bd4 Qg5 29. Ra1 f6 30. f4 Qh5 31. g4 Qh4 32. Bf2 Qh7 33. Ra8 Kf7
34. Ra7 Nd7 35. Rxc7 Ke7 36. Bc5+ Kd8 37. Ra7 Qh4 38. Bf2 Qh6 39. Ra8+ Ke7 40.
Rxh8 Qxh8 41. Qf3 Qa8 42. Qd3 Qb8 43. Bg3 Qb6+ 44. Kg2 Qc6 45. Kf3 g6 46. Ke2
Nb6 47. Bf2 Nc4 48. Bc5+ Kf7 49. Qd5+ Qxd5 50. exd5 f5 51. gxf5 gxf5 52. Kd3
Ke8 53. Kd4 Kd8 54. Bf8 Ke8 55. Bg7 Kf7 56. Be5 Ke7 57. Kc5 Nxe5 58. fxe5 f4
59. Kd4 f3 60. Ke3 Kd8 61. Kxf3 Kd7 62. Ke4 Ke7 63. Kf5 Kd7 64. Kf6 Ke8 65. e6
Kd8 66. d6 Kc8 67. Ke7 Kb7 68. d7 Kb8 69. d8=Q+ Ka7 70. Qc7+ Ka8 71. Qc6+ Kb8
72. Kd6 Ka7 73. Qxb5 Ka8 74. Kc7 Ka7 75. Qa5# 1-0

[Event "ICS rated blitz match"]
[Site "204.178.125.65"]
[Date "2000.03.13"]
[Round "?"]
[White "Hossa"]
[Black "Kobra"]
[Result "1/2-1/2"]
[WhiteElo "2436"]
[BlackElo "2412"]
[PlyCount "93"]
[EventDate "2000.??.??"]

1. e4 c5 2. Nf3 Nc6 3. d4 cxd4 4. Nxd4 g6 5. c4 Bg7 6. Be3 Nf6 7. Nc3 O-O 8.
Be2 b6 9. Nxc6 dxc6 10. O-O Qc7 11. Qb3 Ng4 12. Bxg4 Bxg4 13. f3 Be6 14. a4
Rfd8 15. Rad1 Rxd1 16. Rxd1 Rd8 17. Rxd8+ Qxd8 18. Ne2 c5 19. a5 Bd4 20. Bxd4
cxd4 21. Qd3 bxa5 22. c5 a4 23. Qxd4 Qa5 24. Qc3 Qc7 25. Nc1 Qc6 26. Qd4 Qb5
27. f4 a5 28. Nd3 Qb3 29. Ne1 a3 30. bxa3 Qxa3 31. f5 Bb3 32. fxg6 hxg6 33. Kf2
a4 34. Qd8+ Kg7 35. Qxe7 Qb2+ 36. Kg3 a3 37. e5 Qc3+ 38. Nf3 a2 39. Qf6+ Kg8
40. Qd8+ Kg7 41. Qf6+ Kg8 42. Qd8+ Kg7 43. Qf6+ Kg8 44. Qd8+ Kg7 45. Qf6+ Kg8
46. Qd8+ Kg7 47. Qf6+ 1/2-1/2

[Event "ICS rated blitz match"]
[Site "204.178.125.65"]
[Date "2000.03.13"]
[Round "?"]
[White "Hossa"]
[Black "QueenMaxima"]
[Result "1-0"]
[WhiteElo "2435"]
[BlackElo "2410"]
[PlyCount "165"]

1. e4 c5 2. Nf3 Nc6 3. d4 b6 4. d5 Na5 5. e5 a6 6. Nc3 d6 7. Be2 dxe5 8. Nxe5
Qd6 9. Bf4 Qf6 10. Bg3 Bf5 11. O-O Nh6 12. Qd2 Nb7 13. Rfe1 Nd6 14. Bf4 Bc8 15.
Bg5 Qxe5 16. Bb5+ axb5 17. Rxe5 f6 18. Bxh6 fxe5 19. Bg5 b4 20. Ne2 Ba6 21. Ng3
Nc4 22. Qe2 Nxb2 23. Qxe5 Nc4 24. Qe6 Ra7 25. Qc6+ Kf7 26. Re1 h6 27. Qe6+ Ke8
28. Bf4 Kd8 29. Ra1 Nd6 30. Be5 Bb5 31. f3 Ba4 32. Qg6 Be8 33. Qg4 Bf7 34. Qh4
g5 35. Qh3 Rg8 36. Rd1 Rxa2 37. Bxd6 exd6 38. Qf5 Ra7 39. Qf6+ Kc8 40. Nf5 Rg6
41. Qb2 h5 42. Qh8 Rg8 43. Qf6 Rd7 44. Qa1 Kb8 45. Qa4 Rc7 46. Qb5 Rb7 47. Qc6
Rg6 48. Ra1 Rf6 49. Ne3 Rf4 50. Kf2 Rd4 51. Ra6 b5 52. Ra1 b3 53. cxb3 Rd2+ 54.
Kg1 Rd3 55. Qa6 Rxe3 56. Qa8+ Kc7 57. Qxf8 Bxd5 58. Qg7+ Kc6 59. Ra6+ Rb6 60.
Ra7 Bxb3 61. Qc7+ Kd5 62. Qxb6 Ba4 63. Qb7+ Kc4 64. Qf7+ d5 65. Qxh5 Ra3 66.
Qxg5 Ra1+ 67. Kf2 b4 68. Qe5 Ra2+ 69. Kg3 b3 70. Rc7 Kb4 71. Qxd5 Rc2 72. Qe4+
Rc4 73. Qe1+ Kb5 74. Ra7 b2 75. Qe8+ Kb4 76. Qxa4+ Kc3 77. Qd1 b1=N 78. Qxb1
Rg4+ 79. Kxg4 Kd4 80. Rd7+ Kc4 81. Qd3+ Kb4 82. Rb7+ Ka4 83. Qa6# 1-0

[Event "ICS rated blitz match"]
[Site "204.178.125.65"]
[Date "2000.03.13"]
[Round "?"]
[White "Zippy"]
[Black "Hossa"]
[Result "0-1"]
[WhiteElo "2225"]
[BlackElo "2450"]
[PlyCount "36"]
[EventDate "2000.??.??"]

1. e4 e5 2. Nf3 Nc6 3. Bb5 Nf6 4. O-O Bc5 5. Nxe5 Nd4 6. Bc4 Qe7 7. Nxf7 d5 8.
Nxh8 Bg4 9. c3 Bxd1 10. cxd4 dxc4 11. dxc5 Bc2 12. e5 Qxe5 13. g4 Nxg4 14. Kg2
Be4+ 15. Kh3 Bf3 16. Kh4 Qxh2+ 17. Kg5 Qh6+ 18. Kf5 Qf6# 0-1

[Event "ICS rated blitz match"]
[Site "204.178.125.65"]
[Date "2000.03.13"]
[Round "?"]
[White "Hossa"]
[Black "QueenMaxima"]
[Result "1-0"]
[WhiteElo "2457"]
[BlackElo "2395"]
[PlyCount "191"]

1. d4 Nf6 2. c4 e6 3. Nf3 Bb4+ 4. Nbd2 c5 5. dxc5 Bxc5 6. e3 Nc6 7. Bd3 d5 8.
O-O O-O 9. cxd5 Qxd5 10. Bc4 Qd6 11. Nb3 Rd8 12. Qxd6 Bxd6 13. Nbd4 Nxd4 14.
Nxd4 e5 15. Nb5 Bc5 16. b3 a6 17. Na3 Bf5 18. Be2 Bb4 19. Nb1 Rdc8 20. Ba3 Ba5
21. Bd6 Bc7 22. Ba3 b6 23. Nc3 Ra7 24. Rfd1 Bc2 25. Rd2 Bf5 26. Be7 Ne4 27.
Nxe4 Bxe4 28. Rad1 Bf5 29. Bd8 Kf8 30. g4 Be6 31. Bxc7 Rcxc7 32. Rd8+ Ke7 33.
g5 Rc2 34. R8d2 Rc3 35. h4 e4 36. Bh5 Rac7 37. Kh2 Rc2 38. Be2 Bc8 39. Bc4 Rxd2
40. Rxd2 Bb7 41. Kh3 b5 42. Be2 b4 43. Rd4 a5 44. Bb5 f5 45. h5 Bc8 46. Rc4
Rxc4 47. bxc4 Be6 48. Kg3 g6 49. Kh4 Bf7 50. hxg6 hxg6 51. Kg3 Kd6 52. Kf4 Kc5
53. Ke5 Bxc4 54. Be8 b3 55. axb3 Bxb3 56. Kf6 a4 57. Bxa4 Bxa4 58. Kxg6 Bd7 59.
Kf7 Kd5 60. g6 Be6+ 61. Kf8 Kc4 62. g7 Kd3 63. Ke7 Bc4 64. Kf6 Ke2 65. Kxf5 Bd5
66. Ke5 Bb3 67. Kxe4 Kxf2 68. Kf4 Ke2 69. e4 Bg8 70. e5 Kd3 71. Kf5 Ke3 72. e6
Kd4 73. e7 Bf7 74. g8=Q Bxg8 75. Kf6 Bc4 76. e8=Q Bb3 77. Qe5+ Kd3 78. Qc5 Bc2
79. Ke6 Kd2 80. Qd4+ Bd3 81. Kd5 Ke2 82. Qg1 Kf3 83. Ke5 Bb5 84. Qh1+ Kf2 85.
Qh4+ Kf3 86. Qf4+ Ke2 87. Kd4 Ba4 88. Kc3 Bb5 89. Qe5+ Kf2 90. Qxb5 Kg2 91. Qf5
Kg3 92. Kd3 Kg2 93. Ke3 Kg3 94. Qg5+ Kh3 95. Kf3 Kh2 96. Qg2# 1-0

[Event "ICS rated blitz match"]
[Site "204.178.125.65"]
[Date "2000.03.13"]
[Round "?"]
[White "cfd"]
[Black "Hossa"]
[Result "1/2-1/2"]
[WhiteElo "2227"]
[BlackElo "2470"]
[PlyCount "58"]

1. d4 Nf6 2. e3 g6 3. Nf3 Bg7 4. c4 d5 5. Nc3 Nc6 6. b3 dxc4 7. bxc4 O-O 8. Bd3
Nb4 9. Be2 Bf5 10. O-O c5 11. Bb2 cxd4 12. Nxd4 Bc8 13. Qb3 Nc6 14. Rfc1 Na5
15. Qb4 e5 16. Ndb5 Nc6 17. Qd6 Bf5 18. Rd1 Bc2 19. Rd2 Qxd6 20. Nxd6 Rfd8 21.
Rc1 Ne8 22. Rcxc2 Nxd6 23. Nd5 Rd7 24. Rc1 Ne4 25. Rd3 Nc5 26. Rd2 Ne4 27. Rd3
Nc5 28. Rd2 Ne4 29. Rd3 Nc5 1/2-1/2

[Event "ICS rated blitz match"]
[Site "204.178.125.65"]
[Date "2000.03.13"]
[Round "?"]
[White "Hossa"]
[Black "DrHuebner"]
[Result "1-0"]
[WhiteElo "2475"]
[BlackElo "2476"]
[PlyCount "75"]

1. e4 e5 2. Nf3 Nc6 3. Bb5 a6 4. Ba4 Nf6 5. O-O Be7 6. Re1 b5 7. Bb3 O-O 8. c3
d5 9. exd5 Nxd5 10. Nxe5 Nxe5 11. Rxe5 c6 12. d4 Bd6 13. Re1 Qh4 14. g3 Qh3 15.
Be3 Bg4 16. Qd3 Rae8 17. Nd2 Re6 18. a4 bxa4 19. Rxa4 f5 20. Qf1 Qh5 21. Rxa6
f4 22. Bxf4 Rxe1 23. Qxe1 Bxf4 24. Rxc6 Bxd2 25. Qxd2 Bf3 26. Rc5 Qf5 27. Qe1
Qf7 28. Qe5 Kh8 29. Bxd5 Bxd5 30. f4 Bb3 31. Qd6 Qg8 32. Re5 Ra8 33. Qd7 Ra1+
34. Kf2 Ra8 35. Re7 Bc4 36. Kf3 Bb3 37. Re5 Ba4 38. Qe6 1-0

[Event "ICS rated blitz match"]
[Site "204.178.125.65"]
[Date "2000.03.13"]
[Round "?"]
[White "Xmas70"]
[Black "Hossa"]
[Result "0-1"]
[WhiteElo "2100"]
[BlackElo "2491"]
[PlyCount "24"]

1. e4 e5 2. Nf3 Nc6 3. d4 exd4 4. Bc4 Nf6 5. e5 Ng4 6. Bf4 Bb4+ 7. c3 dxc3 8.
bxc3 Bc5 9. O-O Qe7 10. h3 Nxf2 11. Rxf2 Bxf2+ 12. Kxf2 Qc5+ 0-1

[Event "ICS rated blitz match"]
[Site "204.178.125.65"]
[Date "2000.03.13"]
[Round "?"]
[White "Hossa"]
[Black "Xmas70"]
[Result "1-0"]
[WhiteElo "2491"]
[BlackElo "2097"]
[PlyCount "57"]

1. d4 Nf6 2. c4 g6 3. Nc3 d5 4. cxd5 Nxd5 5. e4 Nxc3 6. bxc3 Bg7 7. Bc4 O-O 8.
Ne2 c5 9. O-O cxd4 10. cxd4 Nc6 11. Be3 Bg4 12. f3 Na5 13. Bxf7+ Rxf7 14. fxg4
Rxf1+ 15. Qxf1 Nc4 16. Qc1 b5 17. a4 Nxe3 18. Qxe3 bxa4 19. Rxa4 Qd7 20. Qb3+
Kh8 21. h3 Rd8 22. e5 Rc8 23. Rb4 h6 24. Rb7 Rc7 25. Rb8+ Rc8 26. Rxc8+ Qxc8
27. Qf7 Qc2 28. Nf4 Kh7 29. Ne6 1-0

[Event "ICS rated blitz match"]
[Site "204.178.125.65"]
[Date "2000.03.13"]
[Round "?"]
[White "cfd"]
[Black "Hossa"]
[Result "1-0"]
[WhiteElo "2221"]
[BlackElo "2491"]
[PlyCount "45"]

1. d4 d5 2. e3 Nf6 3. Bd3 e6 4. Nd2 Nbd7 5. f4 c5 6. c3 Be7 7. Ngf3 Ng4 8. Qe2
O-O 9. O-O cxd4 10. exd4 Re8 11. Ne5 Ngf6 12. g4 Rf8 13. g5 Ne8 14. Qh5 g6 15.
Qh6 Nxe5 16. dxe5 Qb6+ 17. Kg2 Bd7 18. Rf3 Bc6 19. Rh3 Qf2+ 20. Kxf2 Bc5+ 21.
Kf1 Nf6 22. exf6 Rac8 23. Qg7# 1-0

[Event "ICS rated standard match"]
[Site "204.178.125.65"]
[Date "2000.03.13"]
[Round "?"]
[White "Hossa"]
[Black "Amateur"]
[Result "1-0"]
[WhiteElo "2223"]
[BlackElo "2336"]
[PlyCount "125"]

1. d4 Nf6 2. c4 g6 3. Nc3 d5 4. Nf3 Bg7 5. Bg5 Ne4 6. Bh4 Nxc3 7. bxc3 dxc4 8.
Qa4+ Nc6 9. e4 O-O 10. Bxc4 Bd7 11. Qa3 Bg4 12. Rb1 Bxf3 13. gxf3 Qc8 14. Bg3
Re8 15. h4 e6 16. h5 a6 17. hxg6 fxg6 18. Be2 b5 19. Qc5 Qd7 20. Rc1 h6 21. Qa3
h5 22. Bd1 Bf8 23. Qb2 Bg7 24. Qd2 Rf8 25. Qg5 Kh7 26. Rb1 Rf7 27. Bf4 Re8 28.
Rg1 Ne7 29. Rb3 Ref8 30. Be3 Kh8 31. Be2 Qd6 32. f4 Qd7 33. Bd3 Rg8 34. e5 Bf8
35. Be4 Nf5 36. Qg2 Ne7 37. Ra3 b4 38. Rxa6 bxc3 39. Bc6 Nxc6 40. Qxc6 Qxc6 41.
Rxc6 Ba3 42. Rxe6 Kh7 43. Rc6 Rgg7 44. Ke2 Bb2 45. Rg5 Rf8 46. d5 h4 47. Rg4 h3
48. Rh4+ Kg8 49. e6 Rf5 50. Bd4 Rh5 51. d6 cxd6 52. Rc8+ Kh7 53. Bxg7 Kxg7 54.
e7 Rxh4 55. e8=Q Rxf4 56. Qh8+ Kf7 57. Rf8+ Ke6 58. Rxf4 Kd5 59. Qa8+ Kc5 60.
Qc8+ Kb6 61. Rb4+ Ka5 62. Qc4 Bc1 63. Qb5# 1-0

[Event "ICS rated blitz match"]
[Site "204.178.125.65"]
[Date "2000.03.13"]
[Round "?"]
[White "Hossa"]
[Black "LaBestia"]
[Result "1-0"]
[WhiteElo "2465"]
[BlackElo "2327"]
[PlyCount "42"]
[EventDate "2000.??.??"]

1. e4 c5 2. Nf3 e6 3. d4 cxd4 4. Nxd4 Nc6 5. Nb5 d6 6. c4 Nf6 7. N1c3 a6 8. Na3
b6 9. g4 Bb7 10. g5 Nd7 11. h4 Rc8 12. h5 Be7 13. h6 gxh6 14. gxh6 Rg8 15. Bf4
Nce5 16. Rh3 Qc7 17. Rg3 Rxg3 18. Bxg3 Nc5 19. f4 Ned7 20. Bg2 Nf6 21. Qe2 b5
1-0

[Event "ICS rated blitz match"]
[Site "204.178.125.65"]
[Date "2000.03.13"]
[Round "?"]
[White "Hossa"]
[Black "Sjurfer"]
[Result "1-0"]
[WhiteElo "2474"]
[BlackElo "2098"]
[PlyCount "70"]
[EventDate "2000.??.??"]

1. e4 e6 2. d4 d5 3. Nc3 Nf6 4. e5 Nfd7 5. f4 c5 6. Nf3 Nc6 7. Be3 a6 8. Qd2 b5
9. O-O-O b4 10. Ne2 c4 11. Bf2 Qa5 12. Kb1 Rb8 13. Bh4 c3 14. Qc1 b3 15. axb3
cxb2 16. Qxb2 Nb6 17. Qc3 Nb4 18. Qc7 Qa2+ 19. Kc1 Bd7 20. Qxb8+ Nc8 21. Qc7
Nc6 22. Nc3 Ba3+ 23. Kd2 Bb4 24. Re1 Qb2 25. Re3 Ba5 26. Qb7 Nb4 27. Bd3 Na2
28. Ke2 Nxc3+ 29. Kf2 Ne4+ 30. Rxe4 dxe4 31. Bxe4 Bb6 32. Rd1 Qc3 33. Qxa6 Qb4
34. Bc6 Qc3 35. Qxc8+ Bd8 1-0

[Event "ICS rated blitz match"]
[Site "204.178.125.65"]
[Date "2000.03.13"]
[Round "?"]
[White "NETAO"]
[Black "Hossa"]
[Result "1-0"]
[WhiteElo "2096"]
[BlackElo "2477"]
[PlyCount "107"]

1. e4 c5 2. Nf3 d6 3. d4 cxd4 4. Nxd4 Nf6 5. Nc3 a6 6. Bg5 e6 7. Be2 Be7 8. O-O
Nc6 9. Kh1 O-O 10. f4 h6 11. Bh4 Nxe4 12. Bxe7 Nxc3 13. Bxd8 Nxd1 14. Nxc6 bxc6
15. Be7 Nxb2 16. Bxf8 Kxf8 17. a4 Rb8 18. Rfb1 Rb6 19. a5 Rb4 20. c3 Rb3 21.
Ra2 Rxc3 22. Raxb2 Ke7 23. h3 Re3 24. Bf3 d5 25. Rb3 Rxb3 26. Rxb3 c5 27. Kg1
g5 28. fxg5 hxg5 29. Kf2 f5 30. Ke3 d4+ 31. Kd3 Bd7 32. Rb7 Kd8 33. Kc4 e5 34.
Kxc5 Bc8 35. Rh7 e4 36. Kd6 Ke8 37. Rh8+ Kf7 38. Bh5+ Kg7 39. Rxc8 Kh6 40. g4
fxg4 41. hxg4 d3 42. Ke5 Kg7 43. Kxe4 d2 44. Rd8 Kf6 45. Rxd2 Ke6 46. Rd4 Kf6
47. Rd6+ Kg7 48. Rxa6 Kh7 49. Rb6 Kg8 50. a6 Kh7 51. a7 Kg7 52. a8=Q Kh7 53.
Qa7+ Kg8 54. Rb8# 1-0

[Event "ICS rated blitz match"]
[Site "204.178.125.65"]
[Date "2000.03.14"]
[Round "?"]
[White "MissSilicon"]
[Black "Hossa"]
[Result "1-0"]
[WhiteElo "2675"]
[BlackElo "2448"]
[PlyCount "155"]

1. e4 e5 2. Nf3 Nc6 3. Bb5 a6 4. Ba4 Nf6 5. O-O Be7 6. Re1 b5 7. Bb3 O-O 8. c3
d5 9. d3 dxe4 10. dxe4 Qxd1 11. Rxd1 Nxe4 12. Re1 Nf6 13. Nxe5 Nxe5 14. Rxe5
Bd6 15. Re1 Bb7 16. Bg5 Ng4 17. h3 Ne5 18. Bc2 Nc4 19. b3 Rae8 20. Nd2 Nxd2 21.
Bxd2 Rd8 22. Re2 Rfe8 23. Rae1 Rxe2 24. Rxe2 a5 25. f4 Bc5+ 26. Kh2 Bc6 27. Kg3
Bd5 28. Kg4 f6 29. h4 g6 30. c4 bxc4 31. Bxa5 Ra8 32. b4 Bb6 33. Bxb6 cxb6 34.
a4 Bc6 35. b5 Re8 36. Rxe8+ Bxe8 37. Kf3 Bd7 38. Bb1 Be6 39. Ke3 Kf8 40. Kd4
Ke7 41. Bc2 Kd6 42. Bd1 Kc7 43. Be2 f5 44. h5 gxh5 45. Bxh5 Kd6 46. Be2 Bd5 47.
g3 h6 48. Bxc4 Be4 49. Bb3 Bf3 50. Bc2 Bg4 51. Kc4 h5 52. Kb4 Kc7 53. a5 Kb7
54. a6+ Kb8 55. Bd3 Kc8 56. Kc3 Kb8 57. Kd4 Kc8 58. Ke5 Kc7 59. Bxf5 Be2 60.
Be4 Kb8 61. f5 Bxb5 62. f6 Be8 63. Ke6 h4 64. Ke7 Bh5 65. g4 Bxg4 66. f7 Ka7
67. f8=Q Kxa6 68. Bc6 Ka5 69. Qa8+ Kb4 70. Qa4+ Kc3 71. Qxg4 Kb2 72. Qd4+ Kc2
73. Ba4+ Kb1 74. Qd1+ Kb2 75. Qb3+ Ka1 76. Bb5 h3 77. Qa3+ Kb1 78. Bd3# 1-0

[Event "ICS rated blitz match"]
[Site "204.178.125.65"]
[Date "2000.03.14"]
[Round "?"]
[White "Hossa"]
[Black "MissSilicon"]
[Result "0-1"]
[WhiteElo "2441"]
[BlackElo "2682"]
[PlyCount "222"]

1. e4 c5 2. Nf3 e6 3. d4 cxd4 4. Nxd4 Nc6 5. Nb5 d6 6. Bf4 e5 7. Be3 a6 8. N5c3
Nf6 9. Nd5 Nxd5 10. exd5 Ne7 11. Nc3 Nf5 12. Bd2 Qb6 13. Bd3 Nh4 14. O-O Qxb2
15. Rb1 Qa3 16. f4 Qc5+ 17. Rf2 Qc7 18. Qh5 Ng6 19. Re1 Be7 20. fxe5 dxe5 21.
Bxg6 fxg6 22. Qxe5 Qxe5 23. Rxe5 Kd8 24. Na4 a5 25. Re1 Bf5 26. Nb6 Ra6 27. Be3
Kc7 28. Rb1 Re8 29. Bf4+ Kd8 30. d6 Bf6 31. Kf1 Bh4 32. Bg3 Bxg3 33. hxg3 Re4
34. a3 Rd4 35. g4 Rxg4 36. Rd2 Rg3 37. Nc4 Rc3 38. Ne5 Rc5 39. Re1 Be6 40. Kg1
Rd5 41. Rxd5 Bxd5 42. c4 Be6 43. c5 Ra8 44. Nxg6 Kd7 45. Ne5+ Kd8 46. Rf1 Ke8
47. a4 h6 48. Ng6 Rd8 49. Kh2 Ba2 50. Rf3 Kd7 51. Kg3 Re8 52. Ne7 b6 53. cxb6
Rb8 54. Rf2 Bb3 55. Nf5 Rxb6 56. Rb2 Rb4 57. Rd2 g5 58. Kh2 Rxa4 59. Ne7 Ra2
60. Rd3 Bc2 61. Rd4 Ra4 62. Rd2 Rh4+ 63. Kg1 Be4 64. Ng8 Bc6 65. Nf6+ Kd8 66.
Rc2 Rf4 67. Nh5 Ba4 68. Rc5 Rd4 69. Rxa5 Bc6 70. Rf5 Rxd6 71. Rf2 Kd7 72. Rf7+
Ke6 73. Rf1 Ke5 74. Ng3 Rd2 75. Rf2 Rd1+ 76. Kh2 Bd7 77. Rf7 Rd4 78. Kh1 Be6
79. Rh7 Rh4+ 80. Kg1 Kf6 81. Kf2 Bd5 82. Kg1 Bf7 83. Rh8 h5 84. Rd8 Be6 85. Rb8
Bd5 86. Rf8+ Kg6 87. Rd8 Be6 88. Rd6 Kf6 89. Rb6 Ke5 90. Rb5+ Bd5 91. Rc5 Ke6
92. Ra5 Rg4 93. Ra3 h4 94. Re3+ Kd7 95. Rd3 Kc6 96. Nf5 Rxg2+ 97. Kf1 Be4 98.
Rd4 Rg4 99. Ne7+ Kc5 100. Rd7 Bg2+ 101. Ke1 h3 102. Rd8 h2 103. Rh8 Rh4 104.
Rc8+ Kb6 105. Kd2 h1=Q 106. Rd8 Qa1 107. Rd6+ Kc5 108. Rc6+ Bxc6 109. Nxc6 Qa2+
110. Ke3 Rh3+ 111. Ke4 Qd5# 0-1

[Event "ICS Rated blitz match"]
[Site "204.178.125.65"]
[Date "2000.03.14"]
[Round "?"]
[White "MissSilicon"]
[Black "Hossa"]
[Result "1-0"]
[WhiteElo "2688"]
[BlackElo "2435"]
[PlyCount "133"]

1. e4 c5 2. Nf3 d6 3. d4 cxd4 4. Nxd4 Nf6 5. Nc3 a6 6. Bd3 Nc6 7. Nxc6 bxc6 8.
O-O e5 9. Bc4 Be7 10. Qd3 O-O 11. Rd1 Nd7 12. Be3 a5 13. Na4 Rb8 14. h3 Qc7 15.
Bb3 Nf6 16. Nc3 Be6 17. f4 d5 18. exd5 Nxd5 19. fxe5 Qxe5 20. Bd4 Qc7 21. Nxd5
cxd5 22. Qe3 Bd6 23. Rf1 Rb4 24. c3 Rb7 25. Qg5 f6 26. Qh5 Bf7 27. Bxd5 Bh2+
28. Kh1 Bxd5 29. Qxd5+ Rf7 30. Rae1 Qb8 31. b3 Bg3 32. Re6 Rb5 33. Qc4 Rbb7 34.
Rf5 Qd8 35. Rxa5 Rbd7 36. Ra7 Rxa7 37. Bxa7 Qd1+ 38. Bg1 Qd8 39. Qe4 Be5 40.
Ra6 Bb8 41. Qc4 Qd7 42. Re6 Qd8 43. Qe4 Be5 44. Qc6 Rf8 45. a4 Kh8 46. c4 Rg8
47. b4 Bc3 48. b5 Be5 49. b6 Bg3 50. b7 f5 51. Qf3 Bb8 52. Qxf5 Qd7 53. a5 Qd1
54. c5 Qd8 55. Rc6 Qf8 56. Qxf8 Rxf8 57. Rc8 Kg8 58. Bh2 Bxh2 59. Kxh2 g5 60.
Rxf8+ Kxf8 61. b8=Q+ Kf7 62. a6 Ke6 63. Qd6+ Kf5 64. a7 g4 65. a8=Q gxh3 66.
Qad5+ Kg4 67. Qg3# 1-0